00489 a2200157 4500001000700000020000600007040001100013100000600024240007900030245007400109362000900183697001100192942000700203952010200210999001900312170433 a  cMagnum a-10aRevista de educacao aec/um paradigma para a escola do seculo xxi!?...lpor10aRevista de educacao aec/um paradigma para a escola do seculo xxi!?...0 a1899 aENSINO cBK 00104070a32.5b32.5d2024-06-08l0oLI.08989pMAG00015213r2024-06-08 20:42:47w2024-06-08yBK c170433d170433